| 000 | 02315cam a22006014i 4500 | ||
|---|---|---|---|
| 003 | PE-LiUPU | ||
| 005 | 20250731180116.0 | ||
| 008 | 180626s2014 sp a rb 000 0 spa d | ||
| 020 | _a9788428398619 | ||
| 035 | _a(Sirsi) a249058 | ||
| 040 |
_aPE-LiUPU _bspa _cPE-LiUPU _erda |
||
| 049 | _aPRUA | ||
| 082 | 0 | 4 |
_a526.9028 _bR76 _220 |
| 100 | 1 |
_aRodríguez-Solano Suárez, Roberto, _eautor. |
|
| 245 | 1 | 0 |
_aMétodos de trabajo y utilización de aparatos, equipos y útiles topográficos / _cRoberto Rodríguez-Solano Suárez [y otros cuatro]. |
| 264 | 1 |
_aMadrid : _bParaninfo, _c2014. |
|
| 300 |
_axiii, 99 páginas : _bilustraciones ; _c25 centímetros. |
||
| 336 |
_atext _2rdacontent |
||
| 337 |
_aunmediated _2rdamedia |
||
| 338 |
_avolume _2rdacarrier |
||
| 490 | 0 | _aTransversal | |
| 504 | _aBibliografía : página 99. | ||
| 505 | 0 | _aMétodos empleados en agrimensura y nivelación simple -- Métodos de trabajo en agrimensura -- Métodos de trabajo en nivelación simple -- Factores condicionantes de los trabajos -- Selección del método según las características del terreno -- Utilización de aparatos, equipos y útiles topográficos -- Aparatos y equipos topográficos -- Útiles topográficos -- Manejo de aparatos y útiles topográficos -- Errores. | |
| 526 | _aSEG44 | ||
| 526 | _aSEG26 | ||
| 526 | _aP159 | ||
| 526 | _aP155 | ||
| 526 | _aP154 | ||
| 526 | _aP153 | ||
| 526 | _aP150 | ||
| 526 | _aP100 | ||
| 526 | _aP31 | ||
| 526 | _aP30 | ||
| 526 | _aP26 | ||
| 526 | _aP25 | ||
| 526 | _aP24 | ||
| 526 | _aP22 | ||
| 526 | _aP15 | ||
| 526 | _aP10 | ||
| 541 | _g001-0000120; | ||
| 650 | 0 | 4 | _aTopografía. |
| 650 | 0 | 4 | _aTopography. |
| 700 | 1 |
_aPeces Peña, José Luis, _eautor. |
|
| 700 | 1 |
_aMerino de Miguel, Silvia, _eautor. |
|
| 700 | 1 |
_aSerra Criado, Alberto, _eautor. |
|
| 700 | 1 |
_aCalderón Guerrero, Carlos, _eautor. |
|
| 910 |
_adbm _bncf _cncf _d2018062 |
||
| 942 |
_2ddc _cBOOK |
||
| 994 |
_aC0 _bPEPRU |
||
| 598 | _aCATALOGING | ||
| 596 | _a1 | ||
| 999 |
_a526.9028 R76 _wDEWEY _c28654 _i78598 _f2021-11-9 _g4 _lCCODEBUL1 _mBUL _p15.08 _r0 _sY _tBOOK _u2018-6-26 _xINGENIERIA _PP25 _0COMPRA _1FCOMPRA _o.STAFF. Colección Ingeniería y Arquitectura _d28654 |
||
| 980 |
_81 _gALBERTO SANCHEZ Responsable de Automatización |
||